Movies Quiz

Random Movies or Clickable Quiz

Type of Horror Films Quiz Stats

 Plays Quiz not verified by Sporcle

Challenge
Share
Tweet
Embed
Score 0/45 Timer 10:00
0 Plays Today
% Correct
Slasher Flick
83.3%
Creature Feature
80.2%
Religious Horror
77.1%
Vampire Movie
76%
Religious Horror
76%
Creature Feature
76%
Vampire Movie
75%
Slasher Flick
75%
Slasher Flick
75%
Creature Feature
75%
Slasher Flick
74%
Creature Feature
74%
Vampire Movie
72.9%
Slasher Flick
71.9%
Fairy Tale Horror
70.8%
Doll Comes to Life Nightmare
69.8%
Vampire Movie
68.8%
Fairy Tale Horror
68.8%
Doll Comes to Life Nightmare
67.7%
Doll Comes to Life Nightmare
67.7%
Mad Scientist Movie
67.7%
Holiday Horror
67.7%
Religious Horror
66.7%
% Correct
Mad Scientist Movie
66.7%
Mad Scientist Movie
64.6%
Mad Scientist Movie
64.6%
Doll Comes to Life Nightmare
63.5%
Alien Horror
63.5%
Doll Comes to Life Nightmare
63.5%
Fairy Tale Horror
62.5%
Religious Horror
61.5%
Holiday Horror
59.4%
Holiday Horror
59.4%
Vampire Movie
57.3%
Fairy Tale Horror
57.3%
Holiday Horror
56.3%
Holiday Horror
55.2%
Alien Horror
54.2%
Alien Horror
49%
Creature Feature
47.9%
Alien Horror
43.8%
Religious Horror
34.4%
Doll Comes to Life Nightmare
29.2%
Alien Horror
22.9%
Fairy Tale Horror
21.9%

You're not logged in!

Compare scores with friends on all Sporcle quizzes.
OR
Log In

You Might Also Like...

Show Comments

Extras

Created Dec 11, 2016ReportNominate
Tags:Clickable Quiz, horror

Top Quizzes Today


Score Distribution

Your Account Isn't Verified!

In order to create a playlist on Sporcle, you need to verify the email address you used during registration. Go to your Sporcle Settings to finish the process.

Report this User

Report this user for behavior that violates our Community Guidelines.

Details: